00373nam a2200121Ia 4500008004100000082001500041100003600056245003400092260004200126300001000168630001800178650005500196211109s9999||||xx |||||||||||||| ||und|| a420bBAR-G aBartley, G O And Banerjee G C,  0aGuide To English Compositionn bOxford University PressaBombayc1938 a180p. xGeneral Stack aEnglish & Old Englishvenglish languagexLanguages